| 000 | 00567nam a2200193Ia 4500 | ||
|---|---|---|---|
| 003 | OSt | ||
| 005 | 20250311112246.0 | ||
| 008 | 210210b1958 xxu||||| |||| 00| 0 eng d | ||
| 040 | _cAL | ||
| 041 | _aKannada | ||
| 082 | _a859/2168 | ||
| 100 |
_aSITARAMA SHASTRI _956167 _dಸೀತಾರಾಮ ಶಾಸ್ತ್ರಿ |
||
| 245 |
_aEradu durgagalu _b ಎರಡು ದುರ್ಗಗಳು |
||
| 260 |
_aBengaluru _b- _c1958 |
||
| 690 |
_aKannada Fiction _956168 |
||
| 700 |
_aVIRAKESARI _956169 _dವೀರಕೇಸರಿ |
||
| 906 | _a022881 | ||
| 942 |
_2ddc _cBK |
||
| 999 |
_c147580 _d147580 |
||